000
00406nam a22001697a 4500
003
MPLRDC
005
20220104113950.0
008
210129b ||||| |||| 00| 0 eng d
082
_a
848.2 OYZ-2
100
_a
欧阳子著
245
_a
那长头发的女孩
_c
260
_a
_b
大林出版社
_c
1984
300
_b
平
490
_a
大林文库;25
650
_a
现代别集
942
_c
BK
_o
848.2 OYZ-2
999
_c
3759
_d
3749